000 00789nam a2200193 a 4500
008 060613s2005 ||||||||||||||||| || u
050 _aIBRD(08)
100 _aIanchovichina, Elena
245 1 0 _aGrowth trends in the developing world: country forecasts and determinants
260 _aWashington, D.C
_bWorld Bank
_c2005
300 _a62p;ill.
350 _a0.00
490 _aWorld Bank policy research working papers
650 _aGROWTH TRENDS--RESEARCH--DEVELOPING WORLD
650 _aPER CAPITA (GDP)--RESEARCH--DEVELOPING WORLD
650 0 _aAFRICA--ECONOMIC CONDITIONS
700 _aKacher, Pooja
995 _D0.00
_FCBU-MAIN LIBRARY (Kitwe)
_H1
_I0.00
_M1
_UAVAILABLE
_WJun 13, 2006
_ZInternational Publications
999 _c45041
_d45041